Normal view
MARC view
Entry Personal Name
001 - CONTROL NUMBER
- control field: 8406
003 - CONTROL NUMBER IDENTIFIER
- control field: BD-RjUL
005 - DATE AND TIME OF LATEST TRANSACTION
- control field: 20230817145040.0
008 - FIXED-LENGTH DATA ELEMENTS
- fixed length control field: 230817|| aca||aabn | a|a d
040 ## - CATALOGING SOURCE
- Original cataloging agency: BD-RjUL
- Transcribing agency: BD-RjUL
100 ## - HEADING--PERSONAL NAME
- Personal name: Banu, Mdt. Hasna
670 ## - SOURCE DATA FOUND
- Source citation: Work cat.: (BD-RjUL)81714: Banu, Mdt. Hasna, NORMS AND PRACTICES OF STATE-OWNED COMMERCIAL BANKS IN BANGLADESH :, 2021